FA Cup 2017 Winning Team - Statistics

General Stats
  • This quiz has been taken 133 times
  • The average score is 10 of 14
Answer Stats
position nationality player % Correct
LF Chile Alexis Sánchez
96%
CM Wales Aaron Ramsey
91%
RF Germany Mesut Özil
91%
CM Switzerland Granit Xhaka
86%
GK Colombia David Ospina
84%
CB Germany Per Mertesacker
80%
FW France Olivier Giroud
78%
RM Spain Héctor Bellerín
67%
MF Egypt Mohamed Elneny
67%
CB Spain Nacho Monreal
67%
CF England Danny Welbeck
65%
CB England Rob Holding
57%
LM England Alex Oxlade-Chamberlain
50%
MF France Francis Coquelin
37%
No matching quizzes found
Score Distribution
Percent of People with Each Score
Percentile by Number Answered
Your Score History
You have not taken this quiz